| 000 | 00528cac a22001811u 4500 | ||
|---|---|---|---|
| 008 | 081109t1980 nyu|||||r|||| 001 0 eng d | ||
| 010 | _a80014727 | ||
| 020 | _a0671400878 | ||
| 082 | 0 | 0 |
_a158.7 _bROH _222 |
| 245 | 1 | 0 |
_aWork and love : _bthe crucial balance / _cJay B. Rohrlich. |
| 260 |
_aNew York, N.Y. : _bSummit Books, _cc1980. |
||
| 300 |
_a254 p. ; _c22 cm. |
||
| 500 | _aDonations | ||
| 500 | _aDonations - Dr. Mostafa Gouda | ||
| 504 | _aBibliography: p. 247-254. | ||
| 650 | 0 |
_aLove. _933536 |
|
| 942 |
_cBB _k158.7ROH _2ddc |
||
| 999 |
_c1751 _d1751 |
||